Eurowizja dla dzieci 2018 - Statystyki

Ogólne statystyki
  • Ten quiz został rozwiązany 99 razy
  • Średni wynik to 15 z 20
Statystyki odpowiedzi
Miejsce Państwo % Poprawnych
1 Polska
100%
2 Francja
94%
4 Ukraina
86%
10 Rosja
85%
18 Portugalia
82%
9 Armenia
80%
11 Białoruś
77%
19 Serbia
77%
7 Włochy
77%
8 Gruzja
76%
3 Australia
74%
15 Irlandia
73%
6 Kazachstan
73%
5 Malta
71%
17 Albania
68%
16 Azerbejdżan
68%
13 Holandia
68%
14 Izrael
67%
12 Macedonia
67%
20 Walia
58%
Nie znaleziono quizów pasujących do podanych kryteriów
Rozkład punktacji
Procent ludzi z każdym wynikiem
Percentyl według liczby udzielonych odpowiedzi
Twoja historia wyników
Nie rozwiązałeś tego quizu